Editor’s Notes (Record no. 205656)
[ view plain ]
| 000 -LEADER | |
|---|---|
| fixed length control field | 00450nam a22001697a 4500 |
| 003 - CONTROL NUMBER IDENTIFIER | |
| control field | OSt |
| 005 - DATE AND TIME OF LATEST TRANSACTION | |
| control field | 20260409094820.0 |
| 008 - FIXED-LENGTH DATA ELEMENTS--GENERAL INFORMATION | |
| fixed length control field | 260409b |||||||| |||| 00| 0 eng d |
| 040 ## - CATALOGING SOURCE | |
| Transcribing agency | LC |
| 100 ## - MAIN ENTRY--PERSONAL NAME | |
| Personal name | Robert MacSwain and Jennifer Hughes |
| 245 ## - TITLE STATEMENT | |
| Title | Editor’s Notes |
| 260 ## - PUBLICATION, DISTRIBUTION, ETC. (IMPRINT) | |
| Place of publication, distribution, etc | U.S.A, |
| Name of publisher, distributor, etc | Sage publishers; |
| Date of publication, distribution, etc | 2025 |
| 300 ## - PHYSICAL DESCRIPTION | |
| Extent | Vol.107.No.4(pp.317-319) |
| 310 ## - CURRENT PUBLICATION FREQUENCY | |
| Current publication frequency | Four times yearly |
| 440 ## - SERIES STATEMENT/ADDED ENTRY--TITLE | |
| Title | Anglican Theological Review |
| 942 ## - ADDED ENTRY ELEMENTS (KOHA) | |
| Source of classification or shelving scheme | Library of Congress Classification |
| Koha item type | Journal Article |
| Withdrawn status | Lost status | Not for loan | Home library | Current library | Shelving location | Date acquired | Total Checkouts | Date last seen | Price effective from | Koha item type |
|---|---|---|---|---|---|---|---|---|---|---|
| NURU LIBRARY | NURU LIBRARY | Open Shelf | 09/04/2026 | 09/04/2026 | 09/04/2026 | Journal Article |